| 000 | 00575nam a2200193 u 4500 | ||
|---|---|---|---|
| 005 | 20210223132952.0 | ||
| 008 | 160606s2009 es r 000 0 spa d | ||
| 020 | _a9786074490183 | ||
| 035 | _aUPN01000211177 | ||
| 049 | _aI | ||
| 050 | 4 |
_aPQ7298.28 U2.4 _bD4.9 |
|
| 100 | 1 |
_aRubinstein, Becky, _d1948- _933159 |
|
| 245 | 1 | 0 |
_aDe la A a la Z por Veracruz / _cBecky Rubinstein F. ; il. por Maribel Súarez. |
| 260 |
_aLeón, Esp. : _bEverest, _c2009. |
||
| 300 |
_a35 p. : _bil. |
||
| 650 | 4 |
_aRIMAS INFANTILES MEXICANAS _924882 |
|
| 905 | _aInfantil | ||
| 999 |
_c183278 _d183278 |
||